Регионална библиотека "Любен Каравелов" - Русе

Физика на тъгата (Запис номер 138759)

MARC детайли
000 -Лидер
Контролно поле с фиксирана дължина 01343nam a2200325 a 4500
003 - Код на организацията, давaща контролен номер
Контролно поле BLK
005 - Дата и час на последна редакция
Контролно поле 20250712130735.0
008 - Елементи от данни с фиксирана дължина
fixed length control field 180409b bul|||||r ||||||| ||bul||
010 ## - Наследен системен номер
LC control number KNG00144756000
020 ## - Международен стандартен номер на книга ISBN
Международен стандартен номер на книга ISBN 978-954-491-749-4
020 ## - Международен стандартен номер на книга ISBN
Международен стандартен номер на книга ISBN 9789544918316
040 ## - Източник на каталожния запис
Идентификатор на билиотеката - собственик на записа BLK
041 ## - Код за език
Код за езика на текст/звукозапис или на отделно заглавие Български
Код за езика КДБФ Български
072 #7 - Код за тематичната категория
Код организация bullib
Код за тематична категория Н84
Текст Българска художествена литература Н
080 ## - УДК
Текстов определител УДК Българска литература
УДК код - определител по УДК 821.163.2
УДК определител -31
УДК - код + определител 821.163.2-31
100 1# - Редна дума - Автор
Автор Господинов, Георги
Авторска отговорност първи автор
Автор - информация (биография) Георгиев, Георги Господинов
R(LIN) 364800
139 ## - Редно поле
Редна дума Господинов, Георги
Авторски знак Гос - Г 70
245 10 - Сведения за заглавието
Заглавие Физика на тъгата
Подзаглавни данни Роман
Редно поле (дума) Георги Господинов; * Георги Господинов Георгиев.
257 ## - Страна на издаване
Страна на създаване/издаване България
260 ## - Област на издателските данни
Място на издаване, разпространение и проч. Пловдив
Име на издателя, разпространителя и проч. Жанет 45
Година на издаване 2012
300 ## - Физическа характеристика
Страници 342 с.
Илюстрации и др. с ил.
Размери/Мащаб 20 см
380 ## - Жанр
Жанр Худож. лит.
500 ## - Общи забележки
Забележка Пълното име на авт. е Георги Господинов Георгиев.
700 1# - Други автори (авторска отговорност)
Лично име Георгиев, Георги Господинов
Автороска отговорност (Описва отношението между автора и произведението) *
9 (RLIN) 299747
852 ## - Местоположение
Форматна сигнатура Цб 260543
Фондова буква Хранилище
856 4# - Електронен адрес и достъп
Електронен формат pdf - файл
Инструкция (цена за достъп) 0.00
Права за достъп disable
856 4# - Електронен адрес и достъп
Електронен формат pdf - файл
Инструкция (цена за достъп) 0.00
Права за достъп disable
999 ## - СИСТЕМНИ КОНТРОЛНИ НОМЕРА
Koha biblionumber 138759
Koha biblioitemnumber 138759
942 ## - АРТИКУЛИ
Вид на библиотечния материал Книги
Скрит в OPAC Не
Периодичен библиозапис Да
Koha issues (borrowed), all copies 9
944 ## - СЪЗДАВАНЕ И РЕДАКЦИЯ на ЗАПИСА
Създаване/Редакция Създаване
Дата на регистрацията/редакция 04.07.2013
Служител, извършил регистрацията/редакцията 30575
Статус, дата на статуса Мартин Енчев
Наличности
Код за отписване Код за изгубен артикул Код за повреда Коз за рестрикции Код за отдаване Артикулен № Име на библиотеката - собственик Име на библиотеката, в която се намира в момента Статус (Текущо местоположение) Дата на вписване в системата Местоположение - отдел Цена в лева Инвентарен номер Систематично азбучна сигнатура Баркод Номер на екземпляра Цена в евро Служебна бележка Служебен тип на артикула Източник на класификационната схема
  Не е изгубен Не е повреден без рестрикции ползва се в читалня 226836 Регионална библиотека "Любен Каравелов" Русе Регионална библиотека "Любен Каравелов" Русе Хранилище 2013-07-06 Хранилище 17.00 120000767820 Цб 260543 120000767820 1 8.69 Дост: Dp Вид: Д N: 11 Дата: 12.03.2012 Книги  
  Не е изгубен Не е повреден без рестрикции заемане за дома 925509 Регионална библиотека "Любен Каравелов" Русе Регионална библиотека "Любен Каравелов" Русе Заемна - подръчен фонд 2023-03-29 Заемна - подръчен фонд 14.00 120000884940 821.163.2-31/Г 70 Г 120000884940   7.16   Книги Universal Decimal Classification
Vip Innovations Ltd, Rousse, Bulgaria 2025